000 00478nam a2200181Ia 4500
005 20250326123956.0
008 250326s9999 xx 000 0 und d
037 _aTextbook
040 _aFMSL
_beng
_cFMSL
041 _aeng
_2eng
084 _aXv5NE L1
_qFMSL
100 _aTuma E H
_9736533
245 0 _aEuropean economic history
_cTuma E H
260 _aNY
_bNY, Harper & Row
_c1971
300 _a384p
942 _cTB
_hXv5NE L1
999 _c1271721
_d1271721